| 000 | 00893nam a2200265 a 4500 | ||
|---|---|---|---|
| 001 | BRCA_3796 | ||
| 005 | 20190320204428.0 | ||
| 008 | 151109s1951----mx-a---###---#000-0#spa-# | ||
| 041 | _aspa | ||
| 044 | _amx | ||
| 050 | 4 |
_aNA5257.M4 _b.R66 1951 |
|
| 100 | 1 |
_aRomero de Terreros, Manuel. _99889 |
|
| 245 | 1 | 0 |
_aLa Iglesia y Convento de San Agustín _cManuel Romero de Terreros. |
| 260 |
_aMéxico _bUNAM, Instituto de Investigaciones Estéticas _c1951 |
||
| 300 |
_a48 p. _bil. , [21] láminas _c20 cm. |
||
| 440 | 0 |
_aEdiciones del iv Centenario de la Universidad de México _v2 _99890 |
|
| 500 | _aIncluye apéndices. | ||
| 500 | _aB155 | ||
| 504 | _aBibliografía: p. 47-48. | ||
| 600 | 1 | 4 |
_aSan Agustín _c(Convento : Ciudad de México). _99891 |
| 650 | 1 | 4 |
_aArquitectura religiosa _zMéxico. _924 |
| 650 | 1 | 4 |
_aConventos y monasterios _zMéxico. _99892 |
| 902 | _aGFM | ||
| 942 |
_2lcc _cB |
||
| 999 |
_c3525 _d3525 |
||